000 01572cam a22004097a 4500
003 CHAP
005 20220329141039.0
008 971013s1996 r 00010 d
010 _a61813
011 _a62785
035 _a66960
040 _cCHAP
090 _aTesis
100 0 0 _aGómez Cíntora, José Luis.
_949651
245 0 _aUso de los equipos de estación total para el levantamiento planimétrico de ejidos en el PROCEDE
260 _aChapingo, Méx. :
_bEl autor,
_c1996
300 _a110 h.
502 _aTesis (Ing. Agr. Esp. en Irrigación) -- UACH. Departamento de Irrigación
590 _aALEPH
_b10
_c20130110
_lUCH01
_h1344
590 _aBATCH-UPD
_b10
_c20130109
_lUCH01
_h2348
590 _aBATCH-UPD
_b10
_c20130110
_lUCH01
_h0343
590 _aBATCH-UPD
_b10
_c20130110
_lUCH01
_h1757
590 _aBATCH-UPD
_b10
_c20130409
_lUCH01
_h1919
590 _aBATCH-UPD
_b10
_c20130410
_lUCH01
_h0314
590 _aBATCH-UPD
_b10
_c20130914
_lUCH01
_h1253
590 _aCONVERSION
_b10
_c20130109
_lUCH01
_h1333
650 1 4 _aEjidos.
_936002
650 1 4 _aLevantamiento topográfico.
_966426
650 1 4 _aProcesamiento automático de datos en cartografía.
_991762
650 1 4 _aProcesamiento automático de datos en topografía.
_991815
700 0 _aFlores Magdaleno, Héctor.
_941618
710 0 _aPrograma de Certificación de Derechos Ejidales y Titulación de Solares Urbanos. México.
_992287
901 _aBK
942 _cFOLL
949 _bBC
_cTES
_d-152200
_eTS1
_h30676
_i66960
_si
949 _bBC
_cTES
_d33724000603247
_eTS2
_fc.2
_h30677
_i66960
_si
999 _c61813
_d61813